000 00425nam a2200181Ia 4500
008 151018s9999 xx 000 0 und d
082 _bRBASDV48192
_a823
100 _aTumbi
245 _aMy Little book of Numbers
250 _b1
260 _bDC Books
_c2007
300 _a0
600 _aTumbi
630 _aMy Little book of Numbers
700 _aTumbi
730 _aMy Little book of Numbers
942 _cBOOK
999 _c1047320
_d1047317